000 02695nam0a2200373 4500
001 RU\NLR\BIBL_A\022405051
005 20250214165748.0
010 _a978-5-907354-86-9
_925
021 _aRU
_bКН-П-24-065700
_9КН-П-24-6563
035 _a(NLR Aleph) 022405051
090 _a13334629
_c13334629
100 _a20241206d2024 k y0rusy50 ca
101 0 _arus
_aeng
_deng
102 _aRU
105 _aa|||z|||100yy
181 0 _ai3
_baxxe
182 0 _an
200 1 _aФеномены медиа: социокультурная и философская реальность
_eматериалы II Всероссийской научно-практической конференции с международным участием, 1 декабря 2023 г., Санкт-Петербург
_fФедеральное агентство воздушного транспорта (Росавиация), ФГБОУ ВО "Санкт-Петербургский государственный университет гражданской авиации имени Главного маршала авиации А. А. Новикова"
_gредакционная коллегия: Н. Ю. Куценко, кандидат философских наук, доцент [и др.]
203 _aТекст
_bвизуальный
_cнепосредственный
210 _aСанкт-Петербург
_cИзд-во ФГБОУ ВО СПбГУ ГА им. Главного маршала авиации А. А. Новикова
_d2024
215 _a164 с.
_cил., табл.
_d21
300 _aЧасть текста англ.
320 _aБиблиогр. в конце ст.
606 1 _aМедиакультура
_yРоссийская Федерация
_jСъезды, совещания и т.п
_2nlr_sh2
_3RU\NLR\AUTH\661585066
686 1 _aС550.57я431
686 1 _aЧ600.4(2Р)я431
702 1 _aКуценко
_bН. Ю.
_gНадежда Юрьевна
_4340
711 1 2 _a"Феномены медиа: социокультурная и философская реальность", всероссийская научно-практическая конференция с международным участием
_d2
_f2023
_eСанкт-Петербург
_3RU\NLR\AUTH\880396622
712 0 2 _aСанкт-Петербургский государственный университет гражданской авиации им. А. А. Новикова
_3RU\NLR\AUTH\880578576
_4475
942 _cBOOK
980 _aNB